000 00667nam a2200229Ia 4500
005 20260601193224.0
008 260601s9999||||xx |||||||||||||| ||und||
020 _a978-981-99-8764-1
_qebk
100 _aMin Zhang
245 0 _aComputer Applications
250 _a1st ed. 2024
260 _aHeidelberg, Germany
_bSpringer Nature
_c2024
440 _aCommunications in Computer and Information Science
650 _aComputer Science
700 _aBin Xu
700 _aFuyuan Hu
700 _aJunyu Lin
700 _aXianhua Song
700 _aZeguang Lu
856 _uhttps://link.springer.com/openurl?genre=book&isbn=978-981-99-8764-1
942 _cEB
_2ddc
999 _c55879
_d55879